Искусственный интеллект. Прикладные аспекты применения нейронных сетей в системах управления инфокоммуникациями (Запись № 12109134)

Подробности
000 -МАРКЕР
контрольное поле 02749nam0a2200397 4500
001 - ИДЕНТИФИКАТОР ЗАПИСИ
контрольное поле RU\NLR\BIBL_A\012476900
005 - ИДЕНТИФИКАТОР ВЕРСИИ
контрольное поле 20251107110446.0
010 ## - МЕЖДУНАРОДНЫЙ СТАНДАРТНЫЙ НОМЕР КНИГИ (ISBN)
Номер (ISBN) 978-5-907344-48-8
Тираж 500
021 ## - НОМЕР ГОСУДАРСТВЕННОЙ РЕГИСТРАЦИИ
Код страны Российская Федерация
Номер КН-П-20-070096
Номер Листа государственной регистраци КН-П-20-5271
035 ## - ДРУГИЕ СИСТЕМНЫЕ НОМЕРА
Идентификатор записи (NLR Aleph) 012476900
035 ## - ДРУГИЕ СИСТЕМНЫЕ НОМЕРА
Идентификатор записи (RuMoRGB)010476808
100 ## - ДАННЫЕ ОБЩЕЙ ОБРАБОТКИ
Данные общей обработки 20210317d2020 u y0rusy50 ca
101 0# - ЯЗЫК РЕСУРСА
Язык текста, звукозаписи и т.д. русский
102 ## - СТРАНА ПУБЛИКАЦИИ ИЛИ ПРОИЗВОДСТВА
Страна публикации Российская Федерация
105 ## - ПОЛЕ КОДИРОВАННЫХ ДАННЫХ: ТЕКСТОВЫЕ МАТЕРИАЛЫ, МОНОГРАФИЧЕСКИЕ
Кодированные данные о монографическом текстовом документе a|||j|||000zy
181 #0 - ПОЛЕ КОДИРОВАННЫХ ДАННЫХ: ВИД СОДЕРЖАНИЯ
Код вида содержания (ISBD) i
Код характеристики содержания (ISBD) axxe
182 #0 - ПОЛЕ КОДИРОВАННЫХ ДАННЫХ: ТИП СРЕДСТВА
Код типа средства (ISBD) n - непосредственное
200 1# - ЗАГЛАВИЕ И СВЕДЕНИЯ ОБ ОТВЕТСТВЕННОСТИ
Основное заглавие Искусственный интеллект. Прикладные аспекты применения нейронных сетей в системах управления инфокоммуникациями
Сведения, относящиеся к заглавию учебное пособие
-- [для студентов профильных специальностей: 09.03.01 "Информатика и вычислительная техника", 09.03.04 "Программная инженерия", 11.03.02 (11.04.02) "Инфокоммуникационные технологии и системы связи"]
Первые сведения об ответственности В.С. Елагин, А.Г. Владыко, Р.И. Пупцев, Д.В. Окунева
Последующие сведения об ответственности Федеральное агентство связи, Федеральное государственное бюджетное образовательное учреждение высшего образования "Санкт-Петербургский государственный университет телекоммуникаций им. проф. М.А. Бонч-Бруевича" (СПбГУТ)
203 ## - ВИД СОДЕРЖАНИЯ И ТИП СРЕДСТВА
Вид содержания Текст
Дополнительные сведения об издании визуальный
Тип средства непосредственный
210 ## - ПУБЛИКАЦИЯ, РАСПРОСТРАНЕНИЕ И ДР.
Место издания, распространения и т.д. Санкт-Петербург
Имя издателя, распространителя и т. д. СПбГУТ
Дата издания, распространения и т.д. 2020
215 ## - ФИЗИЧЕСКАЯ ХАРАКТЕРИСТИКА
Специфическое обозначение материала и объем 71 с.
Другие сведения о физической характеристике ил., табл.
Размеры 21
320 ## - ПРИМЕЧАНИЯ О НАЛИЧИИ В ДОКУМЕНТЕ БИБЛИОГРАФИИ / УКАЗАТЕЛЯ
Текст примечания Библиогр.: с. 68-71 (51 назв.)
517 1# - ДРУГИЕ ВАРИАНТЫ ЗАГЛАВИЯ
Вариант заглавия Прикладные аспекты применения нейронных сетей в системах управления инфокоммуникациями
606 1# - НАИМЕНОВАНИЕ ТЕМЫ КАК ПРЕДМЕТ
Наименование темы Искусственные нейронные сети
Тематический подзаголовок Применение в электросвязи
Формальный подзаголовок Учебные издания для высших учебных заведений
Код системы nlr_sh2
Идентификатор авторитетной/нормативной записи RU\NLR\AUTH\6601685618
686 1# - ИНДЕКСЫ ДРУГИХ КЛАССИФИКАЦИЙ
Индекс З818я73-1
686 1# - ИНДЕКСЫ ДРУГИХ КЛАССИФИКАЦИЙ
Индекс З88я73-1
701 #1 - ИМЯ ЛИЦА - АЛЬТЕРНАТИВНАЯ ОТВЕТСТВЕННОСТЬ
Начальный элемент ввода Елагин
Часть имени, кроме начального элемента ввода В. С.
Расширение инициалов личного имени Василий Сергеевич
701 #1 - ИМЯ ЛИЦА - АЛЬТЕРНАТИВНАЯ ОТВЕТСТВЕННОСТЬ
Начальный элемент ввода Владыко
Часть имени, кроме начального элемента ввода А. Г.
Расширение инициалов личного имени Андрей Геннадьевич
701 #1 - ИМЯ ЛИЦА - АЛЬТЕРНАТИВНАЯ ОТВЕТСТВЕННОСТЬ
Начальный элемент ввода Пупцев
Часть имени, кроме начального элемента ввода Р. И.
Расширение инициалов личного имени Ринат Игоревич
701 #1 - ИМЯ ЛИЦА - АЛЬТЕРНАТИВНАЯ ОТВЕТСТВЕННОСТЬ
Начальный элемент ввода Окунева
Часть имени, кроме начального элемента ввода Д. В.
Расширение инициалов личного имени Дарина Владимировна
942 ## - ДОПОЛНИТЕЛЬНЫЕ ЭЛЕМЕНТЫ ЗАПИСИ (АБИС)
Тип экземпляра АБИС Книга
980 ## - КОЛЛЕКЦИЯ
Название коллекции НБР
980 ## - КОЛЛЕКЦИЯ
Название коллекции Национальная библиография

Нет доступных экземпляров.